Statistics for Top 50 Largest Malls in Australia

Click here to take the quiz!

General Stats

  • This quiz has been taken 24 times
  • The average score is 12 of 50

Answer Stats

RankLocationAnswer% Correct
1VictoriaChadstone Shopping Centre
73%
6VictoriaHighpoint Shopping Centre
55%
15New South WalesWestfield Bondi Junction
55%
20VictoriaWestfield Doncaster
55%
42New South WalesWestfield Liverpool
55%
10New South WalesWestfield Parramatta
55%
35New South WalesWestfield Penrith
55%
40New South WalesBankstown Central Shopping Centre
45%
5QueenslandPacific Fair
45%
4New South WalesWestfield Sydney
45%
27New South WalesMacarthur Square
36%
32VictoriaNorthland Shopping Centre
36%
33Australian Capital TerritoryWestfield Belconnen
36%
45New South WalesWestfield Chatswood
36%
18New South WalesWestfield Miranda
36%
39VictoriaBayside Shopping Centre
27%
23New South WalesCastle Towers
27%
16VictoriaEastland Shopping Centre
27%
9New South WalesMacquarie Centre
27%
22VictoriaPacific Werribee
27%
47New South WalesTop Ryde City
27%
17VictoriaWestfield Southland
27%
38New South WalesCharlestown Square
18%
36QueenslandGrand Central Shopping Centre
18%
21QueenslandIndooroopilly Shopping Centre
18%
13QueenslandRobina Town Centre
18%
19VictoriaWatergardens Town Centre
18%
3QueenslandWestfield Chermside
18%
2VictoriaWestfield Fountain Gate
18%
8QueenslandWestfield Garden City
18%
29New South WalesWestfield Hornsby
18%
7VictoriaWestfield Knox
18%
11South AustraliaWestfield Marion
18%
44New South WalesWestfield Tuggerah
18%
46New South WalesWollongong Central
18%
37Australian Capital TerritoryCanberra Centre
9%
24New South WalesErina Fair
9%
28QueenslandLogan Hyperdome
9%
26QueenslandSunshine Plaza
9%
12QueenslandWestfield Carindale
9%
34QueenslandWestfield Coomera
9%
43New South WalesWestfield Eastgardens
9%
41QueenslandWestfield North Lakes
9%
31South AustraliaWestfield Tea Tree Plaza
9%
14New South WalesWestfield Warringah Mall
9%
30Western AustraliaLakeside Joondalup Shopping City
0%
50New South WalesStockland Shellharbour
0%
49Western AustraliaWestfield Boorangoon
0%
25Western AustraliaWestfield Carousel
0%
48Western AustraliaWestfield Whitford City
0%

Score Distribution

Percentile by Number Answered

Percent of People with Each Score

Your Score History

You have not taken this quiz